APAH - Name Artwork from Identification - Statistics

General Stats
  • This quiz has been taken 17 times
    12 since last reset
  • The average score is 14 of 30
Answer Stats
Artist Date Location Culture / Style Material Artwork % Correct
Iktinos and Kallikrates c. 447 - 410 BCE Athens, Greece Classical Greek Marble Acropolis
100%
Albrecht Dürer 1504 Nuremberg, Germany Northern Renaissance Engraving Adam and Eve
100%
Master of Calmarca (La Paz School) c. 1650 Viceroyalty of Peru Baroque Oil on canvas Angel with Arquebeus, Asiel Timor Dei
100%
–– 1539 - 1540 Ardabil, Iran Safavid (Islamic) Wool, silk, dye Ardabil carpet
100%
–– 600 BCE - 150 CE Athens, Greece Greek Plan Athenian agora
100%
–– c. 1850 Delaware Lenape Beadwork on leather Bandolier bag
100%
Mohammed ibn al-Zain 1320 - 1340 Syro-Egypt Mamluk (Islamic) Brass with silver and gold inlay Basin (Baptistère de St. Louis)
100%
–– c. 1850 - 1900 Torres Strait Torres strait Islander peoples Turtle shell, wood, fiber, feathers, and shell Buk Mask
100%
–– 685 - 691 Jerusalem, Israel Umayyad (Islamic) Stone masonry and wooden roof decorated with glazed ceramic tile and mosaics; gilt aluminum and bronze dome covered with gold leaf Dome of the Rock
100%
Polykleitos (original) 450 - 440 BCE Pompeii, Italy Classical Greek Marble (roman copy); originally in bronze Doryphoros
100%
Diego Rivera 1947 - 1948 Hotel del Prado, Mexico City, Mexico Mexican Muralist Fresco Dream of a Sunday Afternoon in the Alameda Park
100%
Gian Lorenzo Bernini 1647 - 1652 Cornaro Chapel in Rome, Italy Baroque Marble Ecstasy of Saint Teresa
100%
Frank Lloyd Wright 1936 - 1939 Pennsylvania, US Organic Architecture Reinforced concrete, sandstone, steel, and glass Fallingwater
100%
–– c. 1725 - 1875 Nukuoru Micronesian Wood Female Deity
100%
–– c. 1400 and later Beijing, China Muromachi period Stone masonry, marble, brick, wood, and ceramic tile Forbidden City
100%
Apollodorus of Damascus 106 - 113 Rome, Italy Roman Brick and concrete; marble column Forum of Trajan
100%
–– c. 1541 - 1542 Viceroyalty of New Spain Aztec Ink and color on paper Frontispiece of the Codex Mendoza
100%
–– 300 BCE - 100 CE Sanchi, India Late Sunga and Mauyra Dynasty (Buddhist) Stone masonry, sandstone on dome Great Stupa at Sanchi
100%
–– c. 1825 - 1975 Nigeria Igbo Wood Ikenga (shrine figure)
100%
–– c. 2500 BCE Liangzhu, China Neolithic Jade Jade cong
100%
Bichitr 1632 - 1653 India Mughal Empire Watercolor, gold, and ink on paper Jahangir Preferring a Sufi Shaikh to Kings
100%
Jean-Auguste-Dominique Ingres 1814 Rome, Italy Romanticism Oil on canvas La Grande Odalisque
100%
–– c. 1275 BCE Near Luxor, Egypt New Kingdom Egyptian Painted papyrus scroll Last judgement of Hu-Nefer
100%
Pablo Picasso 1907 Paris, France Cubism Oil on canvas Les Demoiselles d'Avignon
100%
–– c. 1440 - 1453 Cusco, Peru Inca Sheet metal with repoussé Maize cobs
100%
Thomas Jefferson 1768 - 1809 Virginia, US Neoclassicism Brick, glass, stone, and wood Monticello
100%
Yayoi Kusama Original 1966 Venice, Italy Happenings Mirror balls Narcissus Garden
100%
–– c. 1760 - 1780 Deomcratic Republic of the Congo Kuba Wood Ndop (portrait figure) of King Mishe miShyaang maMbul
100%
Édouard Manet 1863 Paris, France Realism Oil on canvas Olympia
100%
–– 1417 - 1475 Korea Joseon Dynasty Hanging scroll (ink and color on silk) Portrait of Sin Sukju
100%
–– c. 1620 Kyoto, Japan Mughal Empire Rock garden Ryoan-ji
100%
–– c. 422 - 432 Rome, Italy Late Antique Europe Brick and stone, wooden roof Santa Sabina
100%
Ludwig Mies van der Rohe and Philip Johnson 1954 - 1958 New York, New York, US International Style Steel frame with glass curtain wall and bronze Seagram Building
100%
–– c. 100 BCE Rome, Italy Hellenistic Greek Bronze Seated boxer
100%
Elisabeth Louise Vigée Le Brun 1790 Rome, Italy Rococo Oil on canvas Self-Portrait
100%
–– c. 1700 South central Ghana Ashanti Gold over wood and cast-gold attachments Sika dwa kofi (Golden Stool)
100%
Michelangelo Ceiling frescos 1508 - 1512; Altar frescoes 1536-1541 Vatican City, Italy High Renaissance Fresco Sistine Chapel ceiling and altar frescoes
100%
Attributed to Juan Rodríguez Juárez c. 1715 Viceroyalty of New Spain Baroque Oil on canvas Spaniard and Indian Produce a Mestizo
100%
–– c. 2600 - 2400 BCE Ur, Iraq Sumerian Wood inlaid with shell, lapis lazuli, and red limestone Standard of Ur
100%
–– c. 2700 BCE Square Temple at Eshunna; Tell Asmar, Iraq Sumerian Gypsum inlaid with shell and black limestone Statues of votive figures
100%
–– c. 2550 - 1600 BCE England Neolithic Sandstone Stonehenge
100%
–– c. 221 - 209 BCE Emperor Qin Shi Huang's Mausoleum Site Museum, Xi'an, China Qin Dynasty Painted terracotta Terracotta warriors
100%
–– c. 1500 BCE Papua New Guinea Neolithic Greywacke Stone The Ambum Stone
100%
Helen Frankenthaler 1963 Provincetown, Massachusetts Color Field Paintings Acrylic on canvas The Bay
100%
–– c. 1792 - 1750 BCE Susian, Iran Babylon Basalt The Code of Hammurabi
100%
–– 1351 China Yuan Dynasty White porcelain with cobalt-blue underglaze The David Vases
100%
Wilfredo Lam 1943 Cuba Surrealism Gouache on paper mounted on canvas The Jungle
100%
Jacob Lawrence 1940 - 1941 Harlem, New York Harlem Renaissance Casein tempera on hardboard The Migration of the Negro, Panel no. 49
100%
Thomas Cole 1836 Northampton, Massachusetts, US Romanticism Oil on canvas The Oxbow
100%
Claude Monet 1877 Paris, France Impressionism Oil on canvas The Saint-Lazare Station
100%
Edvard Munch 1893 Oslo, Norway Symbolism Tempera and pastels on cardboard The Scream
100%
Vincent van Gogh 1889 Arles, France Post-Impressionism Oil on canvas The Starry Night
100%
Jose María Velasco 1882 Valley of Mexico, Mexico Romanticism Oil on canvas The Valley of Mexico from the Hillside of Santa Isabel
100%
–– 3500 - 3000 BCE Uruk, Iraq Sumerian Mud brick White temple and its ziggurat
100%
–– c. 190 BCE Samothrace, Greece Hellenstic Greek Marble Winged Victory of Samothrace
100%
–– c. 725 Chiapas, Mexico Mayan Limestone Yaxchilàn
100%
Francisco de Goya 180 - 1823 (published 1863) Madrid, Spain Romanticism Etching, drypoint, burin, and burnishing Y no hai remedio
100%
–– 4000 - 3500 BCE Susa, Iran Neolithic Terracotta Beaker with ibex motifs
67%
–– c. 600 - 650 Jokhang Temple, Lhasa, Tibet Tibetan Gilt metals with semiprecious stones, pearls, and paint and various offerings Jowo Rinpoche
67%
–– c. 1250 - 1300 Japan Kamakura period Handscroll (ink and color on paper) Night Attack on Sanjo Palace
67%
Joseph Mallord William Turner 1840 London, England Romanticism Oil on canvas Slave Ship
67%
–– 1450 - 1540 Peru Inca Camelid fiber and cotton All-T'oqapu tunic
50%
–– c. 530 BCE –– Archaic Greek Marble with remnants of paint Anavysos Kouros
50%
Joseph Wright of Derby c. 1763 - 1765 Derby, England Baroque Oil on canvas A Philosopher Giving a Lecture on the Orrery
50%
–– 70 - 80 Rome, Italy Imperial Roman Stone and concrete Colosseum
50%
–– 180 BCE Mawangdui Tomb 1, Changsha, China Han Dynasty Painted silk Funeral banner of Lady Dai
50%
Jean-Antoine Houdon 1788 - 1792 Richmond, Virginia, US Neoclassicism Marble George Washington
50%
–– Originally c. 200 BCE; rebuilt c. 62 - 79 CE Pompeii, Italy Imperial Rome Cut stone and fresco House of the Vettii
50%
Matthias Grünewald 1512 - 1516 Holy Roman Empire Northern Renaissance Oil on wood Isenheim altarpiece
50%
Leonardo da Vinci c. 1494 - 1498 Milan, Italy High Renaissance Oil and tempera Last Supper
50%
Eugène Delacroix 1830 Paris, France Romanticism Oil on canvas Liberty Leading the People
50%
Claes Oldenburg 1969 - 1974 Yale University, New Haven, Connecticut Pop Art Cor-Ten steel, steel, alumnium, and cast resin; painted with polyurethane enamel Lipstick (Ascending) on Caterpillar Tracks
50%
–– c. 1825 - 1975 Deomcratic Republic of the Congo Mbudye Society of the Luba peoples Woods, beads, and metal Lukasa (memory board)
50%
–– 3000 - 2920 BCE Egypt Predynastic Egyptian Siltstone Palette of King Narmer
50%
Miguel Cabrera c. 1750 Mexico City, Mexico Baroque Oil on canvas Portrait of Sor Juana Inés de la Cruz
50%
–– c. 1300 - 1325 Bonn, Germany Gothic Painted wood Röttgen Pietà
50%
Ustad Ahmad Lahori 1632 - 1653 Agra, India Mughal Empire Stone masonry and marble with inlay of precious and semiprecious stones; gardens Taj Mahal
50%
Eadweard Muybridge 1878 California, US Realism Albumen print The Horse in Motion
50%
Jacques-Louis David 1784 Rome, Italy Neoclassicism Oil on canvas The Oath of the Horatii
50%
Georges Braque 1911 Paris, France Cubism Oil on canvas The Portuguese
50%
William Hogarth c. 1743 London, England Baroque Oil on canvas The Tête à Tête
50%
Fan Kuan c. 1000 Japan Heian period Ink and colors on silk Travelers among Mountains and Streams
50%
Tititan c. 1538 Venice, Italy High Renaissance Oil on canvas Venus of Urbino
50%
–– c. 1050 - 1130 Conques, France Romanesque Stone; stone and paint (tympanum); gold, silver, gemstones, and enamel over wood (reliquary) Church of Sainte-Foy
33%
Donatello c. 1440 - 1460 Florence, Italy Renaissance Bronze David
33%
Käthe Kollwitz 1919 - 1920 Berlin, Germany German Expressionism Woodcut Memorial Sheet for Karl Liebknecht
33%
Raphael 1509 - 1511 Vatican City, Italy High Renaissance Fresco School of Athens
33%
–– c. 2620 - 2500 BCE Saqqara, Egypt Fourth Dynasty Egyptian Painted limestone Seated scribe
33%
Rembrandt van Rijn 1636 Amsterdam, Netherlands Baroque Etching Self-Portrait with Saskia
33%
Le Corbusier 1929 Poissy-sur-Seine International Style Steel and reinforced concrete Villa Savoye
33%
–– c. 1775 Hawaii Hawaiian Feathers and fiber Ahu 'ula (feather cape)
0%
–– c. 1825 - 1975 Western grassfields of Cameroon Bamileke Wood, woven raffia, cloth, and beads Aka elephant mask
0%
–– c. 1353 - 1335 BCE –– New Kigndom (Amarna) Egyptian Limestone Akhenton, Nefertiti, and three daughters
0%
–– c. 100 BCE House of Faun, Pompeii, Italy Republican Roman Mosaic Alexander Mosaic
0%
–– 1354 - 1391 Granada, Spain Nasrid-Moorish (Islamic) Whitewashed adobe stucco, wood, tile, paint, and gilding Alhambra
0%
Lucas Cranach the Elder c. 1530 Wittenberg, Germany Northern Renaissance Woodcut and letterpress Allegory of Law and Grace
0%
–– c. 800 - 1400 Angkor Thom, Cambodia Angkor Dynasty (Hindu) Stone masonry, sandstone Angkor Wat
0%
Robert Campin 1427 - 1432 South Netherlands Northern Renaissance Oil on wood Annunciation Tripytch
0%
–– 4000 - 3500 BCE Saudi Arabia Neolithic Sandstone Anthropomorphic stele
0%
–– c. 25,500 - 25,300 BCE Namibia Paleolithic Rock Apollo 11 Stones
0%
Gitto di Bondone (artist) c. 1303 - 1305 Padua, Italy Proto-Renaissance Brick and fresco Arena (Scovengi) Chapel, including Lamentation
0%
–– c. 520 - 465 BCE Persepolis, Iran Persian Limestone Audience Hall of Darius and Xerxes
0%
–– c. 25 Rome, Italy Imperial Roman Marble Augustus of Prima Porta
0%
–– c. 1335 Tabriz, Iran Ilkhanate (Islamic) Ink, opaque watercolor, gold, and silver on paper Bahram Gur Fights the Karg, folio from the Great Il-Khanid Shahnama
0%
–– c. 1066 - 1080 Canterbury, England Romanesque Embroidery on linen Bayeux Tapestry
0%
–– c. 1225 - 1245 Paris, France Gothic Illuminated manuscript (ink, tempera, and gold leaf on vellum) Bibles moralisées
0%
Sandro Botticelli c. 1484 - 1486 Florence, Italy Renaissance Tempera on canvas Birth of Venus
0%
Maria and Julian Martínez c. 1950 New Mexico Puebloan Blackwaqre ceramic Black-on-black ceramic vessel
0%
–– c. 750 - 842 Central Java, Indonesia Sailendra Dynasty (Buddhist) Volcanic stone masonry Borobudur Temple
0%
–– c. 400 - 800 Bamyan, Afghanistan Bamiyan Cut rock with plaster, pigment Buddha Bamiyan
0%
–– c. 1825 - 1975 West African forests of Sierra Leone and Liberia Sande Society of the Mende peoples Wood, cloth, and fiber Bundu mask
0%
Caravaggio 1597 - 1901 Rome, Italy Baroque Oil on canvas Calling of Saint Matthew
0%
–– c. 14,000 - 7000 BCE Tequixquiac, Mexico Prehistoric Bone Camelid sacrum in the shape of a canine
0%
Louis Sullivan 1899 - 1903 Chicago, Illinois, US Chicago Style Iron, steel, glass, and terracotta Carson, Pirie, Scott and Company Building
0%
–– c. 200 - 400 Rome, Italy Late Antique Europe Excavated tufa and fresco Catacomb of Priscilla
0%
–– c. 1969 China Chinese Communist Party Color lithograph Chairman Mao en route to Anyuan
0%
–– c. 1145 - 1155 (reconstructed 1194 - 1220) Chartes, France Gothic Limestone, stained glass Chartes Cathedral
0%
–– 900 - 200 BCE Northern highlands Peru Chavìn Stone; granite (Lanzón and sculpture); hammered gold alloy (jewelry) Chavìn de Huántar
0%
–– c. 1440 Cusco, Peru Inca Stone; mud bricks, mortar; thatch, wood City of Cusco, including Qorikancha
0%
–– c. 1450 - 1540 Central highlands, Peru Inca Granite City of Machu Picchu
0%
Piet Mondrian 1930 Paris, France De Stijl Oil on canvas Composition with Red, Blue and Yellow
0%
–– c. 1000 - 1400 Southeastern Zimbabwe Shona Coursed granite blocks Conical tower and circular wall of Great Zimbabwe
0%
Sultan Muhammad 1522 - 1524 Tabriz, Iran Safavid (Islamic) Ink, opaque watercolor, and gold on paper Court of Gayumars, folio from Shah Tahmasp's Shahnama
0%
Jacopo da Pontormo 1525 - 1528 Florence, Italy Mannerism Oil on wood Entombment of Christ
0%
–– c. 1875 - 1925 Deomcratic Republic of the Congo Chokwe Wood, fiber, pigment, and metal Female (Pwo) mask
0%
–– c. 750 - 850 (probably) Iraq Abbasid (Islamic) Ink and gold on parchment Folio from a Qur'an
0%
Rachel Ruysch 1711 Amsterdam, Netherlands Baroque Oil on wood Fruit and Insects
0%
–– c. 450 - 550 Gyeongju, South Korea Three Kingdoms period, Silla Dynasty Metalwork Gold and jade crown
0%
–– c. 1320 Catalonia, Spain Gothic Illuminated manuscript (pigments and gold leaf on vellum) Golden Haggadah
0%
Henri Matisse 1912 Paris, France Fauvism Oil on canvas Goldfish
0%
Attributed to Kallimachos c. 410 BCE Athens, Greece Classical Greek Marble and paint Grave stele of Hegoso
0%
–– c. 175 BCE Pergamon, Turkey Hellenstic Greek Marble Great Altar of Zeus and Athena
0%
–– c. 785 - 786 Córdoba, Spain Umayyad (Islamic) Stone masonry Great Mosque at Córdoba
0%
Nizam al-Mulk and Taj al-Mulk 700; restorations c. 1350, c. 1850, c. 1950 (probably) Iraq Persian Stone, brick, wood, plaster, glazed ceramic tile Great Mosque (Masjid-e Jameh) of Isfahan
0%
–– c. 1200; rebuilt 1907-1907 Djenné, Mali Malian; Sudano-Sahelian architecture Adobe Great Mosque of Djenné
0%
–– c. 2550 - 2490 BCE Giza, Egypt Fourth Dynasty Egyptian Cut limestone Great Pyramids and Great Sphinx
0%
–– c. 1070 Adams County, Ohio Mississippian Earthwork Great Serpent Mound
0%
Anthemius of Tralles and Isidorus of Miletus 532 - 537 Constantinople, Turkey Early Byzantine Brick and ceramic elements with stone and mosaic veneer Hagia Sophia
0%
–– c. 16,000 - 14,000 BCE Lascaux, France Paleolithic Rock, Pigment Hall of Bulls
0%
–– c. 75 - 50 BCE Otricoli, Italy Republican Roman Marble Head of a Roman patrician
0%
Peter Paul Rubens 1621 - 1625 Antwerp, Belgium Baroque Oil on canvas Henri IV Receives the Portrait of Marie de' Medici
0%
–– c. 1850 - 1900 Niue Polynesian Tapa or bark cloth, freehand painting Hiapo Tapa Cloth
0%
Robert Venturi, John Rauch, and Denise Scott Brown 1978 - 1983 Delaware, US Post-Modernism Wood frame and stucco House in New Castle Country
0%
Pieter Bruegel the Elder 1565 Antwerp, Belgium Northern Renaissance Oil on wood Hunters in the Snow
0%
Giacomo da Vignola (plan), Giacomo della Porta (architect), Giovanni Vattista Gaulli Facade 1568 - 1584; fresco and stucco figures 1676 - 1679 Rome, Italy High Mannerism and Baroque Brick, marble, fresco, and stucco Il Gesù, including Triumph of the Name of Jesus ceiling fresco
0%
Varvara Stepanova 1932 Moscow, Russia Constructivism Photomontage Illustration from The Results of the First Five-Year Plan
0%
Vassily Kandinsky 1912 Berlin, Germany German Expressionism Oil on canvas Improvisation 28 (second version)
0%
–– c. 2490-2472 BCE –– Fourth Dynasty Egyptian Greywacke King Menkaura and queen
0%
–– 930 - 950 Khajuraho, India Chandella Dynasty (Hindu) Sandstone Lakshmana Temple
0%
–– c. 720 - 705 BCE Citadel of Sargon II, Dur Sharrukin, Iraq Neo-Assyrian Alabaster Lamassu
0%
Diego Velázauez 1656 Madrid, Spain Baroque Oil on canvas Las Meninas
0%
–– c. 700 Holy Island (Lindisfarne), England Hiberno-Saxon; Early medieval Europe Illuminated manuscript (ink, pigments, and gold on vellum) Lindisfarne Gospels
0%
–– 493 - 1127 Luoyang, China Yang Dynasty Limestone Longmen caves
0%
–– c. 250 Rome, Italy Late Imperial Roman Marble Ludovisi Battle Sarcophagus
0%
Fra Filippo Lippi c. 1465 Florence, Italy Renaissance Tempera on wood Madonna and Child
0%
–– c. 1950 New Ireland Providence, Papua New Guinea Melanesian Wood, pigment, fiber, and shell Malagan display and mask
0%
Andy Warhol 1962 New York, New York, US Pop Art Oil, acrylic, and silkscreen enamel on canvas Marilyn Dipytch
0%
–– c. 550 France Merovingian; Early medieval Europe Silver gilt worked in filigree, with inlays of garnets and other stones Merovingian looped fibulae
0%
–– 450 - 1300 Montezuma County, Colorado, US Puebloan Sandstone Mesa Verde cliff dwellings
0%
–– c. 1100 - 1600 Rapa Nui (Easter Islands) Polynesian Volcanic tuff figures on basalt base Moai on Platform (ahu)
0%
Paul Cézanne 1902 - 1904 Southern France Proto-Cubism Oil on canvas Mont Sainte-Victoire
0%
–– c. 1473 - 1458 BCE Near Luxor, Egypt New Kingdom Egyptian Sandstone, partially carved into a rock cliff, and red granite Mortuary temple of Hatshepsut
0%
Sinan 1568 - 1575 Edirne, Turkey Classical Ottoman (Islamic) Brick and stone Mosque of Selim II
0%
Honoré Daumier 1862 Paris, France Realism Lithograph Nadar Raising Photography to the Height of Art
0%
–– c. 700 - 1600 Pohnpei, Micronesia Saudeleur Dynasty Basalt boulders and prismatic columns Nan Madol
0%
–– c. 1800 - 1925 Marshall Islands Micronesian Wood and fiber Navigation Chart
0%
Niobid Painter (pseudonym) c. 460 - 450 BCE –– Classical Greek Clay, red-figure technique Niobides Krater
0%
Meret Oppenheim 1936 Paris, France Surrealism Fur-covered cup, saucer, and spoon Object (Le Déjeuner en fourrure)
0%
Costiogo (Cadzi Cody) 1890 - 1900 Wind River Reservation, Wyoming Eastern Shoshone Painted elk hide Painted elk hide
0%
Charles Barry and Augustus W. N. Pugin 1840 - 1870 London, England Neo-Gothic Limestone masonry and glass Palace of Westminster
0%
Leon Battista Alberti c. 1450 Florence, Italy Renaissance Stone, masonry Palazzo Rucellai
0%
–– 118 - 125 Rome, Italy Imperial Roman Concrete with stone facing Pantheon
0%
Filippo Brunelleschi 1429 - 1461 Florence, Italy Renaissance Masonry Pazzi Chapel
0%
–– c. 530 BCE Acropolis, Athens, Greece Archaic Greek Marble, painted details Peplos Kore
0%
Owie Kimou c. 1875 - 1925 Ivory Coast Baule Wood, fiber, pigment, and metal Portrait Mask (Mblo)
0%
–– c. 1875 Deomcratic Republic of the Congo Kongo Wood and metal Power figure (Nksisi n'kondi)
0%
–– 1953 Fiji, Polynesia Fijian Multimedia performance (costumes; cosmetics, including scent; chant; movement; and pandanus fiber / hibiscus fiber mats), photographic documentation Presentation of Fijian Mats and Tapa Cloths to Queen Elizabeth II
0%
–– c. 968 Near Córdoba, Spain Umayyad (Islamic) Ivory Pyxis of al-Mughira
0%
Ogata Korin 1710 - 1716 Japan Edo Period Ink, watercolor, and gold leaf on paper Red and White Plum Blossoms
0%
–– c. 1825 - 1975 Southern Cameroon Fang Wood Reliquary figure (byeri)
0%
–– 1428 - 1520 Mexico City, Mexico (or near) Aztec Feathers (quetzal and cotinga) and gold Ruler's feather headresss
0%
–– c. 6000 - 4000 BCE Algeria Neolithic Rock, Pigment Running Horned Woman
0%
Francesco Borromini 1638 - 1646 Rome, Italy Baroque Stone and stucco San Carlo alle Quattro Fontane
0%
–– c. 526 - 547 Ravenna, Italy Early Byzantine Brick, marble, and stone veneer; mosaic San Vitale
0%
–– c. 520 BCE Caere, Italy Etruscan Terracotta Sarcophagus of the Spouses
0%
Circle of the González Family 1697 - 1701 Mexico City, Mexico Baroque Tempera and resin on wood, shell inlay Screen with the Siege of Belgrade and hunting scene
0%
Ernst Ludwig Kirchner 1915 Berlin, Germany German Expressionism Oil on canvas Self-Portrait as a Soldier
0%
–– c. 1050 Tamil Nadu, India Chola Dynasty (Hindu) Cast bronze Shiva as Lord of Dance (Nataraja)
0%
Robert Smithson 1970 Great Salt Lake, Utah, US Site Art Earthwork (mud, precipitated salt crystals, rocks, and water coil) Spiral Jetty
0%
–– c. 1775 - 1825 Rarotonga, Cook Islands Rarotonga, Cook Islands Wood, tapa, fiber, and feathers Staff God
0%
Louis-Jacques-Mandé Daguerre 1837 Paris, France Romanticism Daguerreotype Still Life in Studio
0%
Gottfried Lindauer 1890 New Zealand Bohemia, Austrian Empire (artist); Maori (subject and patrons) Oil on canvas Tamati Waka Nene
0%
–– c. 1550 - 1250 BCE Karnak, Egypt New Kingdom Egyptian Cut sandstone and mud brick Temple of Amun Re
0%
Master scultor Vulca c. 510 - 500 BCE Veii, Italy (near Rome) Etruscan Wood, mud brick, or tufa; terra cotta sculpture Temple of Minerva and sculpture of Apollo
0%
–– 1375 - 1520 Mexico City, Mexico Aztec Stone; volcanic stone (The Coyoxauhqui Stone); jadeite (Olmec-style mask); basalt (Calendar Stone) Templo Mayor
0%
–– 1000 BCE Solomon Islands Neolithic Terracotta Terra cotta fragment
0%
Jan van Eyck c. 1434 Bruges, Belgium Northern Renaissance Oil on wood The Arnolfini Portrait
0%
Auguste Rodin 1884 - 1895 Calais, France Realism Bronze The Burghers of Calais
0%
Mary Cassatt 1890 - 1991 Paris, France Impressionism Drypoint and aquatint The Coiffure
0%
Gustav Klimt 1907 - 1908 Vienna, Austria Symbolism and Art Nouveau Oil and gold leaf on canvas The Kiss
0%
Constantin Brancusi 1907 - 1908 Paris, France Proto-Cubism Limestone The Kiss
0%
Louis Le Vau and Jules Hardouin-Mansart 1669 Versailles, France Baroque Masonry, stone, wood, iron, and gold leaf; marble and bronze (sculpture) The Palace at Versailles
0%
Alfred Stieglitz 1907 New York, New York, US Social Realism Photogravure The Steerage
0%
Gustave Courbet 1849 Eastern France Realism Oil on canvas The Stone Breakers
0%
Jean-Honoré Fragonard 1767 Paris, France Rococo Oil on canvas The Swing
0%
Frida Kahlo 1939 Mexico City, Mexico Surrealism Oil on canvas The Two Fridas
0%
Miguel González c. 1698 Viceroyalty of New Spain Baroque Oil on canvas on wood, inlaid with mother-of-pearl The Virgin of Guadalupe
0%
–– 1200 - 900 BCE Tlatilco, Mexico Neolithic Ceramics Tlatilco female figurine
0%
–– 743; rebuilt c. 1700 Nara, Japan Nara Period Bronze and wood (sculpture); wood with ceramic-tile roofing (architecture) Todai-ji
0%
–– c. 480 - 470 BCE Tarquinia, Italy Etruscan Tufa and fresco Tomb of the Triclinium
0%
–– c. 1875 Northwest coast of Canada Kwakwaka'wakw Wood, paint, and string Transformation mask
0%
–– c. 1323 BCE Valley of the Kings, Egypt New Kingdom Egyptian Gold with inlay of enamel and semiprecious stones Tutankhaum's tomb
0%
Katsushika Hokusai 1830 - 1833 Japan Edo Period Polychrome woodblock print; ink and color on paper Under the Wave off Kanagawa
0%
Olowe of Ise 1910 - 1914 Nigeria Yoruba Wood and pigment Veranda Post of enthroned king and senior wife (Opa Ogoga)
0%
–– c. 500 Byzantine Early Byzantine Illuminated manuscript (tempara, gold, and silver on purple vellum) Vienna Genesis
0%
–– c. 700 Monastery of Saint Catherine, Mount Sinai, Egypt Early Byzantine Encaustic on wood Virgin (Theotokos) and Child between Saints Thedore and George
0%
–– c. 1550 Benin Edo Cast brass Wall plaque, from Oba's palace
0%
Paul Gauguin 1897 - 1898 Tahiti Post-Impressionism Oil on canvas Where Do We Come From? What Are We? Where Are We Going?
0%
Johannes Vermeer 1664 Delft, Netherlands Baroque Oil on canvas Woman Holding a Balance
0%
Willem de Kooning 1950 - 1952 New York, New York, US Abstract Expressionism Oil on canvas Woman I
0%
No matching quizzes found
Score Distribution
Percent of People with Each Score
Percentile by Number Answered
Your Score History
You have not taken this quiz since the last reset